| 000 | 00630nam a2200217 i 4500 | ||
|---|---|---|---|
| 001 | 58166 | ||
| 003 | ES-MaACL | ||
| 005 | 20250829112152.0 | ||
| 007 | t| | ||
| 008 | 031021s1976 sp ||||1| spa d | ||
| 100 | 1 |
_aDupuy, Maurice. _946140 |
|
| 245 | 1 | 3 |
_aLa filosofía alemana / _cMaurice Dupuy ; [traducción de Alexandre Ferrer]. |
| 250 | _a[1ª ed.]. | ||
| 260 |
_aVilassar de Mar : _bOikos-Tau, _c[1976] |
||
| 300 |
_a134 p. ; _c18 cm. |
||
| 490 | 1 | _a¿Qué sé? | |
| 700 | 1 |
_aFerrer, Alexandre. _950405 |
|
| 830 | 0 |
_a¿Qué sé? _9181382 |
|
| 852 |
_aES-MaACL _jA-6177 _bR.95138 |
||
| 999 |
_c58166 _d58166 |
||